[Event "BCF-chT3Sb 1920 (4NCL)"]
[Site "England"]
[Date "2019.11.10"]
[Round "2.61"]
[White "Hughes, Roy"]
[Black "Tanmay, Chopra"]
[Result "0-1"]
[WhiteElo "2026"]
[BlackElo "2186"]
[PlyCount "94"]
[EventDate "2019.11.09"]
[EventType "team-tourn"]
[EventRounds "11"]
[EventCountry "ENG"]
[SourceTitle "EXT 2023"]
[Source "ChessBase"]
[SourceDate "2022.10.05"]
[SourceVersion "1"]
[SourceVersionDate "2022.10.05"]
[SourceQuality "1"]
[WhiteTeam "Iceni"]
[BlackTeam "Cambridge University II"]
[WhiteTeamCountry "ENG"]
[BlackTeamCountry "ENG"]

1. d4 Nf6 2. Nf3 e6 3. Bf4 d5 4. e3 c5 5. c3 Nc6 6. Bd3 Bd6 7. Bg3 0-0 8. Nbd2 b6 9. Ne5 Bb7 10. f4 Ne7 11. Qe2 Ne4 12. Bf2 f6 13. Nef3 Qd7 14. 0-0 c4 15. Bc2 b5 16. Rfd1 Rfc8 17. Rac1 Qe8 18. Nf1 a5 19. N3d2 Kh8 20. Ng3 Nxd2 21. Qxd2 f5 22. Be1 Ba6 23. Qf2 b4 24. Ne2 b3 25. axb3 cxb3 26. Bd3 Bxd3 27. Rxd3 a4 28. Rb1 Qb5 29. Rdd1 Qc4 30. Nc1 Ng8 31. Nd3 Nf6 32. Qf1 Ne4 33. Nf2 Nf6 34. Bd2 Ra5 35. Rdc1 Rb8 36. Rd1 Rab5 37. Qe1 Nd7 38. Nh3 Be7 39. g3 Nb6 40. Kf2 Qc6 41. Qe2 Nc4 42. Bc1 a3 43. bxa3 b2 44. Bd2 Nxa3 45. Qh5 Nxb1 46. Rxb1 Qc4 47. Qf7 Bf6 0-1

[Event "EU-ch Seniors 50 19th"]
[Site "Rhodes"]
[Date "2019.04.10"]
[Round "5"]
[White "Welling, Gerard J"]
[Black "Hughes, Roy"]
[Result "1-0"]
[WhiteElo "2310"]
[BlackElo "1987"]
[PlyCount "75"]
[EventDate "2019.04.06"]
[EventType "swiss"]
[EventRounds "9"]
[EventCountry "GRE"]
[SourceTitle "CBM 189 Extra"]
[Source "ChessBase"]
[SourceDate "2019.06.03"]
[SourceVersion "1"]
[SourceVersionDate "2019.06.03"]
[SourceQuality "1"]

1. Nf3 d5 2. d4 e6 3. e3 Nf6 4. Bd3 b6 5. 0-0 Bd6 6. Ne5 0-0 7. Nd2 Bb7 8. f4 c5 9. Qf3 Nbd7 10. c3 Re8 11. g4 Nf8 12. g5 N6d7 13. Qh5 Qe7 14. Rf3 f5 15. gxf6 Nxf6 16. Qh3 Ne4 17. Qg2 Bxe5 18. fxe5 Ng6 19. Rh3 Rf8 20. Nxe4 dxe4 21. Bxe4 Bxe4 22. Qxe4 Rad8 23. Bd2 Qg5+ 24. Rg3 Qh5 25. Be1 Nh4 26. Rxg7+ Kxg7 27. Bxh4 Rd7 28. Bf6+ Rxf6 29. exf6+ Kxf6 30. Rf1+ Ke7 31. Qf4 Qg6+ 32. Kh1 Qg7 33. b4 cxb4 34. cxb4 Kd8 35. Rg1 Qf7 36. Rg8+ Ke7 37. Qg5+ Kd6 38. Qe5+ 1-0

[Event "BCF-chT2 1718 (4NCL) Demotion pool"]
[Site "England"]
[Date "2018.05.06"]
[Round "10.85"]
[White "Ivekovic, Tihana"]
[Black "Hughes, Roy"]
[Result "1-0"]
[WhiteElo "2167"]
[BlackElo "2034"]
[PlyCount "105"]
[EventDate "2017.11.11"]
[EventType "team-tourn"]
[EventRounds "11"]
[EventCountry "ENG"]
[SourceTitle "EXT 2020"]
[Source "ChessBase"]
[SourceDate "2019.10.17"]
[SourceVersion "1"]
[SourceVersionDate "2019.10.17"]
[SourceQuality "1"]
[WhiteTeam "West is Best II"]
[BlackTeam "Barbican Youth"]
[WhiteTeamCountry "WLS"]
[BlackTeamCountry "ENG"]

1. d4 d5 2. c4 e6 3. Nf3 c6 4. g3 f5 5. Bg2 Nf6 6. 0-0 Bd6 7. Qc2 0-0 8. Bf4 Be7 9. Nbd2 Ne4 10. h4 Nd7 11. Ne5 Ndf6 12. Nxe4 Nxe4 13. Rad1 Nd6 14. Qc1 Bf6 15. Bg5 Bd7 16. c5 Nb5 17. Qd2 Be8 18. a4 Nc7 19. Nd3 Bf7 20. b4 a6 21. Rb1 Qe7 22. Bf4 Rfc8 23. Be5 Be8 24. Rfe1 Bd7 25. f3 Bxe5 26. Nxe5 Be8 27. Qg5 Qf8 28. Qf4 Qf6 29. Qd2 Rd8 30. e3 h6 31. Qf2 Bg6 32. Rb2 Rac8 33. Bf1 Be8 34. Bd3 g6 35. Kf1 Kg7 36. Kg2 Kh7 37. Rh1 Kg7 38. Kf1 Bd7 39. g4 Be8 40. Qg3 Bf7 41. g5 Qe7 42. gxh6+ Kxh6 43. Qg5+ Qxg5 44. hxg5+ Kg7 45. Rbh2 Bg8 46. Rh6 Ne8 47. Rxg6+ Kf8 48. Rh8 Ng7 49. Kf2 Rc7 50. Rf6+ Ke7 51. Ng6+ Kd7 52. Nf8+ Kc8 53. Rxg8 1-0

[Event "BCF-chT2a 1718 (4NCL)"]
[Site "England"]
[Date "2017.11.12"]
[Round "2.45"]
[White "Munshi, Aditya"]
[Black "Hughes, Roy"]
[Result "1/2-1/2"]
[WhiteElo "2056"]
[BlackElo "2023"]
[PlyCount "65"]
[EventDate "2017.11.11"]
[EventType "team-tourn"]
[EventRounds "7"]
[EventCountry "ENG"]
[SourceTitle "EXT 2020"]
[Source "ChessBase"]
[SourceDate "2019.10.17"]
[SourceVersion "1"]
[SourceVersionDate "2019.10.17"]
[SourceQuality "1"]
[WhiteTeam "Grantham Sharks II"]
[BlackTeam "Barbican Youth"]
[WhiteTeamCountry "ENG"]
[BlackTeamCountry "ENG"]

1. e4 d5 2. exd5 Qxd5 3. Nc3 Qd6 4. d4 Nf6 5. Nf3 c6 6. h3 Bf5 7. Nh4 Bg6 8. Nxg6 hxg6 9. g3 e6 10. Bg2 Nbd7 11. 0-0 Be7 12. b3 Nb6 13. Bb2 Qc7 14. Qe2 Rd8 15. Rad1 0-0 16. Nb1 Rfe8 17. Nd2 a5 18. a4 Bb4 19. c3 Bf8 20. c4 Bb4 21. Nf3 Nbd7 22. Rd3 c5 23. Rfd1 cxd4 24. Nxd4 Nc5 25. Nb5 Qe7 26. Re3 Rxd1+ 27. Qxd1 Rd8 28. Qa1 Rd7 29. Bd4 Qd8 30. Qb2 Ne8 31. Kh2 Nf6 32. Rf3 Ne8 33. Bf1 1/2-1/2

[Event "BCF-chT2 1617 (4NCL) Demotion pool"]
[Site "England"]
[Date "2017.05.01"]
[Round "11.66"]
[White "Shepley, Julien M"]
[Black "Hughes, Roy"]
[Result "1/2-1/2"]
[WhiteElo "1982"]
[BlackElo "2029"]
[PlyCount "84"]
[EventDate "2016.11.19"]
[EventType "team-tourn"]
[EventRounds "11"]
[EventCountry "ENG"]
[SourceTitle "EXT 2019"]
[Source "ChessBase"]
[SourceDate "2018.10.10"]
[SourceVersion "1"]
[SourceVersionDate "2018.10.10"]
[SourceQuality "1"]
[WhiteTeam "Guildford III"]
[BlackTeam "Barbican Youth"]
[WhiteTeamCountry "ENG"]
[BlackTeamCountry "ENG"]

1. e4 d5 2. Nc3 dxe4 3. Nxe4 Nd7 4. Nf3 Ngf6 5. Ng3 e6 6. Bc4 Be7 7. a3 a6 8. 0-0 b5 9. Ba2 c5 10. d3 0-0 11. Qe2 Nb6 12. Re1 Re8 13. Bd2 Bd6 14. Ne4 Nxe4 15. Qxe4 Be7 16. Rad1 Ra7 17. Bc1 Bb7 18. Qg4 Nd5 19. Ng5 Bc8 20. Qh5 Bxg5 21. Bxg5 Nf6 22. Qh4 h6 23. Be3 Rc7 24. Qg3 Kh8 25. Bf4 Rc6 26. Be5 Bb7 27. Re4 Rg8 28. Rh4 Kh7 29. c3 Nd7 30. Rh3 Nxe5 31. Qxe5 Qf6 32. d4 Qxe5 33. dxe5 Rc7 34. Bb1+ g6 35. Rd6 Re8 36. Kf1 Kg7 37. Rg3 Ree7 38. h4 h5 39. f4 Rcd7 40. Rgd3 Bd5 41. Rxd7 Rxd7 42. Kf2 Rc7 1/2-1/2

[Event "BCF-ch Seniors 50"]
[Site "Coventry"]
[Date "2015.08.07"]
[Round "6"]
[White "Hughes, Roy"]
[Black "Fegan, Chris"]
[Result "1/2-1/2"]
[WhiteElo "2012"]
[BlackElo "2090"]
[PlyCount "26"]
[EventDate "2015.08.02"]
[EventType "swiss"]
[EventRounds "6"]
[EventCountry "ENG"]
[SourceTitle "CBM 167 Extra"]
[Source "ChessBase"]
[SourceDate "2015.09.14"]
[SourceVersion "1"]
[SourceVersionDate "2015.09.14"]
[SourceQuality "1"]

1. d4 Nf6 2. Nf3 g6 3. Bf4 Bg7 4. e3 0-0 5. Be2 Re8 6. 0-0 d5 7. h3 c6 8. c4 Qb6 9. Qb3 Nbd7 10. Nc3 Ne4 11. Qxb6 Nxb6 12. c5 Nxc3 13. bxc3 Nd7 1/2-1/2

[Event "BCF-ch Seniors 50"]
[Site "Coventry"]
[Date "2015.08.06"]
[Round "5"]
[White "Bryant, Richard BE"]
[Black "Hughes, Roy"]
[Result "0-1"]
[WhiteElo "1947"]
[BlackElo "2012"]
[PlyCount "86"]
[EventDate "2015.08.02"]
[EventType "swiss"]
[EventRounds "6"]
[EventCountry "ENG"]
[SourceTitle "CBM 167 Extra"]
[Source "ChessBase"]
[SourceDate "2015.09.14"]
[SourceVersion "1"]
[SourceVersionDate "2015.09.14"]
[SourceQuality "1"]

1. e4 d5 2. exd5 Qxd5 3. Nc3 Qd6 4. d4 Nf6 5. Nf3 c6 6. g3 Bf5 7. Bg2 e6 8. 0-0 Nbd7 9. Bf4 Qb4 10. Rb1 Be7 11. a3 Qa5 12. Re1 0-0 13. Ne5 Nxe5 14. dxe5 Nd5 15. Bd2 Qc7 16. Rc1 Rfd8 17. Qe2 Rd7 18. Nd1 Rad8 19. c4 Nb6 20. Ba5 c5 21. b3 Rd3 22. Nc3 Rd2 23. Qf3 Rb2 24. Nb5 Qb8 25. Qc3 Ra2 26. Re3 Rd7 27. Qe1 Na8 28. a4 b6 29. Bc3 Nc7 30. Rd1 Rxd1 31. Qxd1 Nxb5 32. axb5 a6 33. bxa6 Rxa6 34. Re1 h6 35. g4 Bg6 36. f4 Ra2 37. f5 exf5 38. e6 f6 39. Qd7 Ra7 40. Qd3 Qf4 41. h3 Bd6 42. Rd1 Ra2 43. Qxd6 Qf2+ 0-1

[Event "BCF-ch Seniors 50"]
[Site "Coventry"]
[Date "2015.08.02"]
[Round "1"]
[White "Povah, Nigel Edward"]
[Black "Hughes, Roy"]
[Result "1-0"]
[WhiteElo "2303"]
[BlackElo "2012"]
[PlyCount "69"]
[EventDate "2015.08.02"]
[EventType "swiss"]
[EventRounds "6"]
[EventCountry "ENG"]
[SourceTitle "CBM 167 Extra"]
[Source "ChessBase"]
[SourceDate "2015.09.14"]
[SourceVersion "1"]
[SourceVersionDate "2015.09.14"]
[SourceQuality "1"]

1. d4 d5 2. c4 c6 3. Nc3 Nf6 4. e3 g6 5. Nf3 Bg7 6. Bd3 Nbd7 7. cxd5 cxd5 8. Qb3 Nb8 9. Bb5+ Nc6 10. Ne5 Bd7 11. 0-0 a6 12. Be2 Qc7 13. f4 Be6 14. Bd2 0-0 15. Rac1 Rfb8 16. Bf3 Qd8 17. Na4 Nxe5 18. fxe5 Ne4 19. Rfd1 Bh6 20. Nc5 Nxc5 21. Rxc5 b6 22. Rc3 Rc8 23. Rdc1 Rxc3 24. Rxc3 Rc8 25. Rxc8 Qxc8 26. Qxb6 Qc2 27. Qb4 Qb1+ 28. Kf2 Qxa2 29. Kg3 Bf8 30. Be2 a5 31. Qb5 a4 32. Qb4 Bf5 33. Bd1 e6 34. Qb8 Kg7 35. e4 1-0